| 000 | 00648cam a22002052 4500 | ||
|---|---|---|---|
| 001 | 0000003292 | ||
| 005 | 20151217151921.0 | ||
| 008 | 070503s xx 000 0 eng d | ||
| 040 |
_aKABU _cKABU |
||
| 050 | 0 |
_aHT165.53 _b.A85F57 |
|
| 100 | 1 |
_aFisher, Fred. _@0000153080 |
|
| 245 | 1 | 0 |
_aDesigning human settlements training in Asia countries / _cFred Fisher, David W. Tees. |
| 260 |
_aNairobi : _bHabitat, _c1994. |
||
| 300 | _a2 v. | ||
| 650 | 0 |
_aLibrary has v. 1. _@0000153083 |
|
| 908 | _a070503 | ||
| 950 | _@1 | ||
| 999 |
_c6336 _d6336 |
||